| 000 | 00443nam a2200157 4500 | ||
|---|---|---|---|
| 005 | 20260507125201.0 | ||
| 008 | 260507b |||||||| |||| 00| 0 eng d | ||
| 020 | _a9780367610357 | ||
| 082 |
_a379.2 _bYAD-C |
||
| 100 | _aYadav Aman Ulf Dalvad Berthelsen | ||
| 245 |
_aComputational Thinking In Education _bA Pedagogical Perspective |
||
| 260 |
_aNew York _bRoutledge Publishers |
||
| 300 | _a215p | ||
| 650 | _aEducation | ||
| 942 | _cBK | ||
| 999 |
_c47553 _d47553 |
||